| 000 | 00992cab a2200313 4500 | ||
|---|---|---|---|
| 001 | ABS56220 | ||
| 008 | 090401t1996 xxu||||| |||| 00| 0 eng d | ||
| 035 | _a(Sirsi) u22004 | ||
| 041 | _aeng | ||
| 100 | _aRickard, J. | ||
| 245 | _aTenant default: all change | ||
| 260 | _c1996 | ||
| 350 | _a0 | ||
| 490 |
_aRent Review & Lease Renewal _v16(4) 1996, 22-28(7) |
||
| 520 | _aUpdate on recent statutory and common law developments in the law relating to tenant defaults. | ||
| 650 | _aCO-OPERATIVE INSURANCE SOCIETY V ARGYLL STORES HOLDINGS LTD | ||
| 650 | _aDEFAULT | ||
| 650 | _aGUARANTORS | ||
| 650 | _aHEMMINGWAY SECURITIES LTD V DUNRAVEN LTD | ||
| 650 | _aHINDCASTLE V BARBARA ATTENBOROUGH ASSOCIATES LTD | ||
| 650 | _aJERVIS V HARRIS | ||
| 650 | _aKEEP OPEN CLAUSES | ||
| 650 | _aLANDLORD AND TENANT (COVENANTS) ACT 1995 | ||
| 650 | _aREPAIRING COVENANTS | ||
| 650 | _aSUBLETTING | ||
| 690 | _aPROPERTY-LANDLORD AND TENANT | ||
| 942 | _n0 | ||
| 948 | _c04/03/1997 | ||
| 999 |
_c14738 _d14738 |
||